Science and religion : (Record no. 52387)

MARC details
000 -LEADER
fixed length control field 01564cam a22003977i 4500
001 - CONTROL NUMBER
control field 18752249
005 - DATE AND TIME OF LATEST TRANSACTION
control field 20250905121643.0
008 - FIXED-LENGTH DATA ELEMENTS--GENERAL INFORMATION
fixed length control field 150820s2014 enka b 001 0 eng d
010 ## - LIBRARY OF CONGRESS CONTROL NUMBER
LC control number 2015460792
015 ## - NATIONAL BIBLIOGRAPHY NUMBER
National bibliography number GBB431662
Source bnb
016 7# - NATIONAL BIBLIOGRAPHIC AGENCY CONTROL NUMBER
Record control number 016654516
Source Uk
020 ## - INTERNATIONAL STANDARD BOOK NUMBER
International Standard Book Number 9781107664463
020 ## - INTERNATIONAL STANDARD BOOK NUMBER
International Standard Book Number 1107664462
035 ## - SYSTEM CONTROL NUMBER
System control number (OCoLC)ocn874118800
040 ## - CATALOGING SOURCE
Original cataloging agency UKMGB
Language of cataloging eng
Transcribing agency UKMGB
Description conventions rda
Modifying agency OCLCO
-- BDX
-- YDXCP
-- UKBRU
-- CDX
-- OCLCF
-- WAU
-- OCLCQ
-- ZCU
-- NAM
-- DLC
042 ## - AUTHENTICATION CODE
Authentication code lccopycat
050 00 - LIBRARY OF CONGRESS CALL NUMBER
Classification number BL245
Item number .B76 2014
082 04 - DEWEY DECIMAL CLASSIFICATION NUMBER
Classification number 201.65
Edition number 23
100 1# - MAIN ENTRY--PERSONAL NAME
Personal name Brooke, John Hedley,
Relator term author.
830 #0 - SERIES ADDED ENTRY--UNIFORM TITLE
Uniform title Canto classics.
245 10 - TITLE STATEMENT
Title Science and religion :
Remainder of title some historical perspectives
250 ## - EDITION STATEMENT
Edition statement Canto classics edition.
300 ## - PHYSICAL DESCRIPTION
Extent x, 566 pages :
Other physical details illustrations ;
Dimensions 22 cm.
490 1# - SERIES STATEMENT
Series statement Canto classics
500 ## - GENERAL NOTE
General note Originally published: New York: Cambridge University Press, 1991.
504 ## - BIBLIOGRAPHY, ETC. NOTE
Bibliography, etc Includes bibliographical references (pages 475-542) and index.
650 #0 - SUBJECT ADDED ENTRY--TOPICAL TERM
Topical term or geographic name as entry element Religion and science
General subdivision History.
650 #7 - SUBJECT ADDED ENTRY--TOPICAL TERM
Topical term or geographic name as entry element Religion and science.
Source of heading or term fast
655 #7 - INDEX TERM--GENRE/FORM
Genre/form data or focus term History.
Source of term fast
856 42 - ELECTRONIC LOCATION AND ACCESS
Materials specified Contributor biographical information
Uniform Resource Identifier <a href="http://www.loc.gov/catdir/enhancements/fy1602/2015460792-b.html">http://www.loc.gov/catdir/enhancements/fy1602/2015460792-b.html</a>
856 42 - ELECTRONIC LOCATION AND ACCESS
Materials specified Publisher description
Uniform Resource Identifier <a href="http://www.loc.gov/catdir/enhancements/fy1602/2015460792-d.html">http://www.loc.gov/catdir/enhancements/fy1602/2015460792-d.html</a>
856 41 - ELECTRONIC LOCATION AND ACCESS
Materials specified Table of contents only
Uniform Resource Identifier <a href="http://www.loc.gov/catdir/enhancements/fy1602/2015460792-t.html">http://www.loc.gov/catdir/enhancements/fy1602/2015460792-t.html</a>
906 ## - LOCAL DATA ELEMENT F, LDF (RLIN)
a 7
b cbc
c copycat
d 2
e ncip
f 20
g y-gencatlg
942 ## - ADDED ENTRY ELEMENTS (KOHA)
Source of classification or shelving scheme Library of Congress Classification
Item type Book
Holdings
Withdrawn status Lost status Source of classification or shelving scheme Damaged status Not for loan Collection code Home library Current library Shelving location Date acquired Source of acquisition Cost, normal purchase price Total Checkouts Full call number Barcode Copy number Price effective from Koha item type
    Library of Congress Classification     Non-fiction Bishop Okullu Memorial Library (Limuru Campus) Bishop Okullu Memorial Library (Limuru Campus) General Circulation 27/02/2018 Donation-TBN 2819.00   BL245 .B76 2014 058322 1 27/02/2018 Book